|
|
|
|
| LEADER |
00000nam0a2200000 4500 |
| 001 |
252861 |
| 005 |
20231101232805.0 |
| 010 |
|
|
|a 9785905626210
|
| 035 |
|
|
|a (RuTPU)RU\TPU\book\275223
|
| 090 |
|
|
|a 252861
|
| 100 |
|
|
|a 20140306d2012 m y0rusy50 ca
|
| 101 |
1 |
|
|a rus
|a eng
|c eng
|
| 102 |
|
|
|a RU
|
| 105 |
|
|
|a a z 000zy
|
| 200 |
1 |
|
|a Сарояновы притчи. Случайные встречи
|d Saroyan's Fables. Chance Meetings
|e пер. с англ.
|f У. Сароян
|
| 210 |
|
|
|a Москва
|c Центр книги Рудомино
|d 2012
|
| 215 |
|
|
|a 431 с.
|c ил.
|
| 330 |
|
|
|a В 1934 году журнал «Тайм» написал: «На прошлой неделена американском горизонте появился новый писатель.На первый взгляд, размером не больше ладони,это любопытное явление обещает... циклон». Так приняла критиказамечательного писателя Уильяма Сарояна, творчество котороговскоре стало достоянием мировой литературы. В предлагаемуюкнигу вошли его притчи и рассказы «Случайные встречи».
|
| 510 |
1 |
|
|a Saroyan's Fables. Chance Meetings
|z eng
|
| 606 |
1 |
|
|a Американская литература (англо-язычная литература)
|2 stltpush
|3 (RuTPU)RU\TPU\subj\28887
|9 52349
|
| 610 |
1 |
|
|a проза
|
| 610 |
1 |
|
|a рассказы
|
| 610 |
1 |
|
|a притчи
|
| 675 |
|
|
|a 82
|v 3
|
| 700 |
|
1 |
|a Сароян
|b У.
|g Уильям
|
| 801 |
|
1 |
|a RU
|b 63413507
|c 20140306
|
| 801 |
|
2 |
|a RU
|b 63413507
|c 20140313
|g RCR
|
| 942 |
|
|
|c BK
|